000
00206nam a22000857a 4500
999
_c
23927
_d
23927
005
20250926081651.0
008
250926b ||||| |||| 00| 0 eng d
040
_c
sk
245
_a
Príručka slovenského pravopisu